书目信息 |
| 题名: |
岩石力学
|
|
| 作者: | 吴德伦 主编 | |
| 分册: | ||
| 出版信息: | 重庆 重庆大学出版社 2002.08 |
|
| 页数: | 298页 | |
| 开本: | 26cm | |
| 丛书名: | ||
| 单 册: | ||
| 中图分类: | TU45-43 | |
| 科图分类: | ||
| 主题词: | 岩石力学 , 岩体力学 , 岩石试验 | |
| 电子资源: | ||
| ISBN: | 7-5624-1384-3 | |
| 000 | 00586nam0 2200217 45 | |
| 001 | 0258177970 | |
| 005 | 2002061016093797 | |
| 010 | @a7-5624-1384-3@dRMB 25.00 | |
| 100 | @a20020610d2002 km y0chiy0120 ea | |
| 101 | 0 | @achi |
| 102 | @aCN@b420000 | |
| 200 | 1 | @a岩石力学@Ayan shi li xue@f吴德伦等主编@Fwu de lun deng zhu bian |
| 210 | @a重庆@c重庆大学出版社@d2002.08 | |
| 215 | @a298页@d26cm | |
| 606 | 0 | @a岩石力学 |
| 606 | 0 | @a岩体力学 |
| 606 | 0 | @a岩石试验 |
| 690 | @aTU45-43@v3 | |
| 701 | 0 | @a吴德伦@Awu de lun@4主编 |
| 801 | 0 | @aCN@bPFT@c20020610 |
| 905 | @a10447@dTU45-43@eW760 | |
| 岩石力学/吴德伦等主编.-重庆:重庆大学出版社,2002.08 |
| 298页;26cm |
| ISBN 7-5624-1384-3:RMB 25.00 |
| ● |
| 相关链接 |
|
|
|
正题名:岩石力学
索取号:TU45-43/W760
 
预约/预借
| 序号 | 登录号 | 条形码 | 馆藏地/架位号 | 状态 | 备注 |
| 1 | 361617 | 203616177 | 土木与交通工程学院资料室/101建筑库 48排1列3层/ [索取号:TU45-43/W760] | 在馆 | |
| 2 | 361618 | 203616186 | 土木与交通工程学院资料室/101建筑库 48排1列3层/ [索取号:TU45-43/W760] | 在馆 | |
| 3 | 361619 | 203616195 | 建筑库101/101建筑库 96排1列1层/ [索取号:TU45-43/W760] | 在馆 |